[Event "Titled Tuesday intern op 16th Apr Late"]
[Site "Chess.com INT"]
[Date "2024.04.16"]
[Round "5"]
[White "Rees, Ioan"]
[Black "Demchenko, Anton"]
[Result "0-1"]
[WhiteElo "2277"]
[BlackElo "2609"]
[PlyCount "62"]
[EventDate "2024.04.16"]
[EventType "swiss (blitz)"]
[EventRounds "11"]
[EventCountry "USA"]
[SourceTitle "CB17_2024"]
[SourceDate "2024.04.24"]
[SourceVersion "1"]
[SourceVersionDate "2024.04.24"]
[SourceQuality "1"]

1. e4 e5 2. Nf3 Nc6 3. Bc4 Nf6 4. d3 h6 5. a4 d6 6. h3 g5 7. Nbd2 Bg7 8. Nf1 Be6 9. Ne3 a6 10. c3 Qd7 11. b4 Ne7 12. Qb3 Ng6 13. Bxe6 fxe6 14. g3 0-0 15. Nh2 d5 16. Qc2 Qc6 17. Nhg4 Nh7 18. exd5 exd5 19. b5 axb5 20. Ba3 d4 21. 0-0 dxe3 22. Bxf8 exf2+ 23. Rxf2 Rxf8 24. Rxf8+ Nhxf8 25. Qb3+ Kh7 26. axb5 Qf3 27. Kh2 Qe2+ 28. Kg1 Qxd3 29. Rf1 Qxg3+ 30. Kh1 Qxh3+ 31. Kg1 Qxg4+ 0-1

[Event "Titled Tuesday intern op 16th Apr Late"]
[Site "Chess.com INT"]
[Date "2024.04.16"]
[Round "4"]
[White "Romanchuk, Viktor"]
[Black "Rees, Ioan"]
[Result "0-1"]
[WhiteElo "2266"]
[BlackElo "2277"]
[PlyCount "122"]
[EventDate "2024.04.16"]
[EventType "swiss (blitz)"]
[EventRounds "11"]
[EventCountry "USA"]
[SourceTitle "CB17_2024"]
[SourceDate "2024.04.24"]
[SourceVersion "1"]
[SourceVersionDate "2024.04.24"]
[SourceQuality "1"]

1. d4 d5 2. c4 c6 3. Nc3 Nf6 4. e3 e6 5. Nf3 Nbd7 6. Qc2 Bd6 7. Bd2 0-0 8. 0-0-0 Re8 9. e4 dxe4 10. Nxe4 Nxe4 11. Qxe4 Qe7 12. Bd3 f5 13. Qe2 b5 14. c5 Bc7 15. Bc2 Nf6 16. Bg5 Qf7 17. Bxf6 gxf6 18. Rhg1 Kh8 19. g4 fxg4 20. Rxg4 e5 21. Rh4 e4 22. Rxe4 Rxe4 23. Qxe4 Be6 24. Qxc6 Bd5 25. Qxb5 Bxf3 26. Re1 Qxa2 27. Kd2 Ba5+ 28. b4 Bc7 29. Re8+ Rxe8 30. Qxe8+ Kg7 31. Qe7+ Qf7 32. Qe3 Bd5 33. Qd3 f5 34. Qh3 Bf4+ 35. Kd1 Qf6 36. Qxf5 Qxd4+ 37. Qd3 Qxd3+ 38. Bxd3 Bxh2 39. Ke2 h5 40. b5 Kf6 41. b6 axb6 42. cxb6 Bd6 43. f3 Bc5 44. Be4 Be6 45. b7 Bd6 46. Kf2 Kg5 47. Kg2 h4 48. f4+ Kxf4 49. Bc6 h3+ 50. Kh2 Kg4+ 51. Kh1 Kg3 52. Be4 Bb8 53. Bc6 Bg4 54. Bd5 Be2 55. Kg1 Bd3 56. Bc6 Ba7+ 57. Kh1 Bf1 58. b8Q+ Bxb8 59. Kg1 Be2 60. Bg2 Ba7+ 61. Kh1 hxg2# 0-1

[Event "Titled Tuesday intern op 16th Apr Late"]
[Site "Chess.com INT"]
[Date "2024.04.16"]
[Round "1"]
[White "Sivakumar, Shaaketh"]
[Black "Rees, Ioan"]
[Result "1/2-1/2"]
[WhiteElo "2366"]
[BlackElo "2277"]
[PlyCount "175"]
[EventDate "2024.04.16"]
[EventType "swiss (blitz)"]
[EventRounds "11"]
[EventCountry "USA"]
[SourceTitle "CB17_2024"]
[SourceDate "2024.04.24"]
[SourceVersion "1"]
[SourceVersionDate "2024.04.24"]
[SourceQuality "1"]

1. e4 e6 2. d4 d5 3. Nd2 Nc6 4. Ngf3 Nf6 5. e5 Nd7 6. Bd3 f6 7. exf6 Qxf6 8. c3 Bd6 9. 0-0 0-0 10. Qe2 e5 11. dxe5 Ndxe5 12. Nxe5 Nxe5 13. h3 Qf4 14. Bc2 Bd7 15. Kh1 Rae8 16. Ne4 Qh4 17. Nxd6 Bxh3 18. g3 Bxf1+ 19. gxh4 Bxe2 20. Nxe8 Rxe8 21. Bf4 Bf3+ 22. Kg1 Be4 23. Bb3 c6 24. Bg3 Nd3 25. Kh2 Nxb2 26. Re1 Nd3 27. Re3 Bg6 28. Rf3 Ne5 29. Rf4 Nd7 30. Rd4 Bf7 31. Bd1 Nf6 32. Bf3 Bg6 33. Rd2 Be4 34. Be2 Kf7 35. Rb2 b5 36. a4 a6 37. axb5 axb5 38. Ra2 Re7 39. Bd6 Rd7 40. Bc5 Bf5 41. Ra6 Rc7 42. Bd6 Rc8 43. Ra7+ Kg6 44. Bc5 Ne4 45. Bd4 Nf6 46. Kg3 c5 47. Be5 Ne4+ 48. Kg2 Nf6 49. f4 Be4+ 50. Kf2 b4 51. cxb4 cxb4 52. Rb7 Rc2 53. Ke3 Rc1 54. Rxb4 Rh1 55. h5+ Nxh5 56. Rb7 Nf6 57. Rc7 Rh3+ 58. Kd4 h5 59. Bb5 Rh2 60. Ba6 Rd2+ 61. Ke3 Rc2 62. Rb7 Ra2 63. Ra7 Ng4+ 64. Kd4 Nxe5 65. Kxe5 Re2 66. Kd4 h4 67. Rc7 Rd2+ 68. Ke5 Rd3 69. Bxd3 Bxd3 70. Rc6+ Kh5 71. f5 Be4 72. Rc3 Kg4 73. Rc7 h3 74. Rxg7+ Kf3 75. Rh7 Bxf5 76. Kxf5 Kg2 77. Rg7+ Kf1 78. Rh7 Kg2 79. Rg7+ Kf3 80. Rh7 Kg3 81. Kg5 h2 82. Kf5 d4 83. Ke4 Kg2 84. Rg7+ Kf2 85. Rf7+ Kg2 86. Rg7+ Kf2 87. Rh7 Kg2 88. Rg7+ 1/2-1/2

[Event "WLS-chA 68th"]
[Site "Cardiff"]
[Date "2024.03.31"]
[Round "5"]
[White "Rees, Ioan"]
[Black "Young, Alan J"]
[Result "0-1"]
[WhiteElo "2272"]
[BlackElo "2028"]
[PlyCount "108"]
[EventDate "2024.03.29"]
[EventType "swiss"]
[EventRounds "7"]
[EventCountry "WLS"]
[SourceTitle "CB14_2024"]
[SourceDate "2024.04.01"]
[SourceVersion "1"]
[SourceVersionDate "2024.04.01"]
[SourceQuality "1"]

1. e4 e5 2. Nf3 Nc6 3. Bc4 Nf6 4. d3 Be7 5. a4 0-0 6. Nc3 d6 7. 0-0 Be6 8. Nd5 Bxd5 9. exd5 Nb8 10. d4 e4 11. Nd2 Re8 12. f3 exf3 13. Qxf3 Bf8 14. Bd3 Nbd7 15. a5 a6 16. Nc4 g6 17. Bg5 Bg7 18. Rf2 h6 19. Bd2 Re7 20. Raf1 Qe8 21. c3 Rd8 22. h3 Nh7 23. g4 Ndf6 24. b4 Ng5 25. Qg2 Nge4 26. Re2 Nxd2 27. Rxd2 Ne4 28. Bxe4 Rxe4 29. Rdf2 Rd7 30. Nd2 Re3 31. Rf3 Rde7 32. Kh2 Rxf3 33. Rxf3 Qa4 34. Nf1 Qa1 35. Qf2 Qc1 36. Kg2 h5 37. gxh5 gxh5 38. Re3 Rxe3 39. Qxe3 Qc2+ 40. Kf3 Qf5+ 41. Ke2 h4 42. Nd2 Qxd5 43. Nf3 Kf8 44. Kd2 c5 45. bxc5 dxc5 46. Qf4 cxd4 47. cxd4 Qxa5+ 48. Kd3 Qb5+ 49. Kc3 Qc6+ 50. Kd3 Qg6+ 51. Kc3 Qg3 52. Qf5 Qc7+ 53. Kd3 b5 54. Ke4 Qc2+ 0-1

[Event "Titled Tuesday intern op 12th Mar Late"]
[Site "Chess.com INT"]
[Date "2024.03.12"]
[Round "10"]
[White "Boor, Carl Brandon"]
[Black "Rees, Ioan"]
[Result "0-1"]
[WhiteElo "2231"]
[BlackElo "2272"]
[PlyCount "106"]
[EventDate "2024.03.12"]
[EventType "swiss (blitz)"]
[EventRounds "11"]
[EventCountry "USA"]
[SourceTitle "CB12_2024"]
[SourceDate "2023.10.01"]
[SourceVersion "1"]
[SourceVersionDate "2023.10.01"]
[SourceQuality "1"]

1. d4 Nf6 2. c4 c5 3. d5 b5 4. cxb5 a6 5. f3 e6 6. e4 c4 7. Bxc4 axb5 8. Bxb5 Bc5 9. Qe2 Qb6 10. Nh3 0-0 11. dxe6 fxe6 12. Nc3 Nc6 13. Bxc6 Qxc6 14. Be3 Ba6 15. Qf2 Bb4 16. Rc1 Nxe4 17. Qh4 Nxc3 18. bxc3 Bxc3+ 19. Kf2 Bf6 20. Qxf6 gxf6 21. Rxc6 dxc6 22. a4 Bc4 23. Ra1 Ra6 24. a5 Rb8 25. Rc1 Bd5 26. Bb6 Rbxb6 27. axb6 Rxb6 28. Nf4 Kf7 29. g4 Rb3 30. Nxd5 cxd5 31. Rc7+ Kg6 32. Re7 e5 33. h4 d4 34. f4 Re3 35. f5+ Kh6 36. Rf7 Re4 37. Kg3 d3 38. Rxf6+ Kg7 39. Rd6 Re3+ 40. Kf2 Re2+ 41. Kf3 e4+ 42. Kf4 d2 43. g5 e3 44. Rd7+ Kf8 45. f6 Re1 46. Rd8+ Kf7 47. h5 d1Q 48. Rxd1 Rxd1 49. Kxe3 Rh1 50. Kf4 Rxh5 51. Kg4 Rh1 52. Kf5 Rf1+ 53. Kg4 Kg6 0-1

[Event "Titled Tuesday intern op 06th Feb Early"]
[Site "Chess.com INT"]
[Date "2024.02.06"]
[Round "4"]
[White "Avramidou, Anastasia"]
[Black "Rees, Ioan"]
[Result "1-0"]
[WhiteElo "2287"]
[BlackElo "2266"]
[PlyCount "117"]
[EventDate "2024.02.06"]
[EventType "swiss (blitz)"]
[EventRounds "11"]
[EventCountry "USA"]
[SourceTitle "CB07_2024"]
[SourceDate "2024.02.14"]
[SourceVersion "1"]
[SourceVersionDate "2024.02.14"]
[SourceQuality "1"]

1. Nf3 d5 2. c4 c6 3. g3 Nf6 4. b3 Bg4 5. Bg2 e6 6. 0-0 Nbd7 7. Bb2 Be7 8. d3 0-0 9. Nbd2 a5 10. a3 Bh5 11. Qc2 h6 12. Rac1 Bg6 13. Qb1 dxc4 14. Nxc4 a4 15. b4 Nb6 16. Nfe5 Bh7 17. Qa1 Nxc4 18. Nxc4 Rc8 19. Bd4 Ra8 20. Rfd1 Ne8 21. Na5 Rxa5 22. bxa5 Qxa5 23. Bc3 Qa6 24. Bb4 Bxb4 25. axb4 Nc7 26. Rc5 Nb5 27. e3 a3 28. d4 a2 29. Bf1 Qa4 30. Rc4 Bc2 31. Rc1 Bb3 32. Rc5 Qxb4 33. Qb2 Qa4 34. Ra1 Bd5 35. Bd3 f5 36. Bc2 Qa5 37. Bb3 Ra8 38. Rc2 Qa3 39. Bxd5 exd5 40. Qxa3 Rxa3 41. Raxa2 Rb3 42. Rcb2 Rc3 43. Kg2 Kh7 44. Ra8 Nd6 45. Rd8 Ne4 46. f3 Nf6 47. Kf2 b5 48. Rc8 Kg6 49. Ke2 Rc4 50. Kd3 Nd7 51. Ra2 Nb6 52. Rc7 Na4 53. Rc2 Nb6 54. Rxc4 dxc4+ 55. Kc2 Nd5 56. Rxc6+ Kf7 57. Kd2 c3+ 58. Rxc3 b4 59. Rc5 1-0

[Event "Titled Tuesday intern op 06th Feb Early"]
[Site "Chess.com INT"]
[Date "2024.02.06"]
[Round "6"]
[White "Khamdamova, Afruza"]
[Black "Rees, Ioan"]
[Result "1/2-1/2"]
[WhiteElo "2327"]
[BlackElo "2266"]
[PlyCount "119"]
[EventDate "2024.02.06"]
[EventType "swiss (blitz)"]
[EventRounds "11"]
[EventCountry "USA"]
[SourceTitle "CB07_2024"]
[SourceDate "2024.02.14"]
[SourceVersion "1"]
[SourceVersionDate "2024.02.14"]
[SourceQuality "1"]

1. e4 c6 2. d4 d5 3. Nc3 dxe4 4. Nxe4 Nf6 5. Nxf6+ exf6 6. c3 Bd6 7. Bd3 0-0 8. Qc2 h5 9. Ne2 Re8 10. 0-0 h4 11. h3 Nd7 12. Bf4 Nf8 13. Bxd6 Qxd6 14. Rad1 Ne6 15. c4 Nf4 16. Nxf4 Qxf4 17. Rfe1 Bd7 18. Qc3 Rxe1+ 19. Rxe1 Re8 20. Rxe8+ Bxe8 21. Qe1 Bd7 22. Qe4 Qxe4 23. Bxe4 Be6 24. b3 f5 25. Bf3 Kf8 26. Kf1 Ke7 27. Ke2 g5 28. Kd3 g4 29. Be2 Kf6 30. f4 gxf3 31. Bxf3 Kg5 32. Ke3 f4+ 33. Kd2 Bf5 34. b4 Bb1 35. a4 Ba2 36. Kc3 Kf5 37. b5 cxb5 38. axb5 b6 39. Be2 Ke4 40. Kb2 Ke3 41. Kxa2 Kxe2 42. d5 Kf2 43. d6 Kxg2 44. d7 f3 45. d8Q f2 46. Qd5+ Kg1 47. Qg5+ Kh1 48. Qf4 Kg1 49. Qg4+ Kh1 50. Qf3+ Kg1 51. Qg4+ Kh1 52. Qe4+ Kg1 53. Qd4 Kg2 54. Qd2 Kg1 55. Qg5+ Kh1 56. Qd5+ Kg1 57. Qd4 Kg2 58. Qg4+ Kh2 59. Qf4+ Kg1 60. Qg4+ 1/2-1/2

[Event "Titled Tuesday intern op 23rd Jan Late"]
[Site "Chess.com INT"]
[Date "2024.01.23"]
[Round "6"]
[White "Deveci, Huseyin Said"]
[Black "Rees, Ioan"]
[Result "0-1"]
[WhiteElo "2250"]
[BlackElo "2273"]
[PlyCount "72"]
[EventDate "2024.01.23"]
[EventType "swiss (blitz)"]
[EventRounds "11"]
[EventCountry "USA"]
[SourceTitle "CB05_2024"]
[SourceDate "2024.01.31"]
[SourceVersion "1"]
[SourceVersionDate "2024.01.31"]
[SourceQuality "1"]

1. e4 c6 2. d4 d5 3. Bd2 dxe4 4. c3 Nf6 5. Bc4 Bg4 6. Qb3 e6 7. Qxb7 Nbd7 8. Qxc6 Be7 9. Be2 Bf5 10. Bd1 0-0 11. Ne2 Rc8 12. Qa4 Qb6 13. b3 Qb7 14. 0-0 Nb6 15. Qa5 Rfd8 16. Ng3 Rd5 17. Nxf5 Rxa5 18. Nxe7+ Qxe7 19. c4 Rf5 20. Nc3 h5 21. h3 Rd8 22. Be3 g5 23. Bc2 Qb7 24. Rfe1 g4 25. h4 Ra5 26. Bg5 Nbd7 27. Nxe4 Kg7 28. a4 Re8 29. Nd6 Qb8 30. Nxe8+ Qxe8 31. Rad1 Qc8 32. d5 exd5 33. Bf5 Qc6 34. Re7 Qd6 35. Rde1 dxc4 36. bxc4 Rxf5 0-1

[Event "Titled Tuesday intern op 16th Jan Early"]
[Site "Chess.com INT"]
[Date "2024.01.16"]
[Round "3"]
[White "Cardozo Munar, Carlos Eduardo"]
[Black "Rees, Ioan"]
[Result "1-0"]
[WhiteElo "2043"]
[BlackElo "2273"]
[PlyCount "141"]
[EventDate "2024.01.16"]
[EventType "swiss (blitz)"]
[EventRounds "11"]
[EventCountry "USA"]
[SourceTitle "CB04_2024"]
[SourceDate "2023.10.16"]
[SourceVersion "1"]
[SourceVersionDate "2023.10.16"]
[SourceQuality "1"]

1. g3 d5 2. Bg2 Nf6 3. Nf3 c6 4. 0-0 Bg4 5. d4 Nbd7 6. Nbd2 e6 7. Re1 Bd6 8. e4 dxe4 9. Nxe4 Nxe4 10. Rxe4 Nf6 11. Re2 0-0 12. c3 h6 13. Bd2 c5 14. dxc5 Bxc5 15. Qb3 Qb6 16. Rae1 Qxb3 17. axb3 a5 18. Be3 Be7 19. Bd4 a4 20. b4 b5 21. Re5 Rfb8 22. h3 Bxf3 23. Bxf3 Ra6 24. Be2 a3 25. bxa3 Rxa3 26. Rxb5 Rba8 27. Bf3 Ra1 28. Rxa1 Rxa1+ 29. Kg2 Ra2 30. Rb7 Bd6 31. Bxf6 gxf6 32. c4 Rb2 33. c5 Be5 34. b5 Bd4 35. c6 Rxf2+ 36. Kh1 Be5 37. Bh5 Bxg3 38. Bxf7+ Kg7 39. Bxe6+ Kg6 40. c7 Bxc7 41. Rxc7 Rb2 42. Bd7 Kg5 43. Rc4 f5 44. Rc5 Kh4 45. Bxf5 Kg3 46. Rc3+ Kf4 47. Bd7 Rb1+ 48. Kg2 Rb2+ 49. Kf1 Rb1+ 50. Ke2 Rb2+ 51. Kd1 Ke5 52. Rd3 h5 53. Kc1 Rb4 54. Kc2 h4 55. Kc3 Rb1 56. Kc4 Ke4 57. Rd2 Ke3 58. Rd6 Kf4 59. b6 Kg3 60. Kc5 Rc1+ 61. Kb5 Rb1+ 62. Kc6 Kh2 63. Kb7 Rc1 64. Rc6 Rb1 65. Kc7 Kh1 66. b7 Rb2 67. b8Q Rg2 68. Rc1+ Kh2 69. Kd8+ Rg3 70. Bg4 Kg2 71. Qb2# 1-0